000 00854nam a22002417a 4500
003 OSt
005 20260425015020.0
008 260425b |||||||| |||| 00| 0 eng d
020 _a0-07-137751-4.
040 _aDWCL-Main lib.
_cOC
082 _22nd ed.
_aCirc. 621.31924 S416h 2003
100 _aSclater, Neil
245 _aHandbook of electrical design details/
_cNeil Sclater
250 _a2nd ed.
260 _aN.Y.
_bMcGraw-Hill,
_c c2003.
300 _aix, 450 pages :
_b illustrations ;
_c24 centimeters.
504 _aIncludes bibliographical references and index.
650 _a1. Electric drafting-Handboks, manuals, etc.
650 _a2. Electric engineering-Specifications-Handbooks,manuals, etc.
650 _a3. Electriwiring-Charts,diagrams, etc.
700 _aTraister, John E.
942 _2ddc
_cBK-CIRC
_e2nd ed.
_hCirc.
_n0
999 _c9883
_d9883